banner-ar

INTRODUCTORY BUSINESS AND ECONOMIC FORECASTING / (Record no. 24602)

MARC details
000 -الفاتح
حقل البيانات ثابتة الطول 00489nam a2200169Ia 4500
008 - عناصر البيانات ثابتة الطول - معلومات عامة
حقل البيانات ثابتة الطول 140319s9999 xx 000 0 eng d
040 ## - مصدر الفهرسة
وكالة الفهرسة الأصلية GCL /
وكالة النسخ GCL
082 04 - رقم تصنيف ديوى العشرى
رقم التصنيف 338.5442
رقم المادة N I
100 1# - المدخل الرئيسى - إسم شخصى
الإسم الشخصى NEWDORE, PEUL
245 10 - بيان العنوان
العنوان INTRODUCTORY BUSINESS AND ECONOMIC FORECASTING /
بيان المسئوليه,etc NEWDORE, PEUL
700 1# - المدخل الاضافى - اسم شخصى
الإسم الشخصى BOS, THEODOERE
260 ## - PUBLICATION, DISTRIBUTION, ETC. (IMPRINT)
تاريخ النشر أو التوزيع 1994
650 04 - المدخل الاضافى بالموضوع-مصطلح موضوعى
مصطلح موضوعي STATISTICAL METHODS
650 04 - المدخل الاضافى بالموضوع-مصطلح موضوعى
مصطلح موضوعي BUSINESS FORECASTING
942 ## - عناصر المدخل الإضافي( كوها)
مصدر التصنيف او مخطط الترفيف Dewey Decimal Classification
Koha [default] item type كتاب
260 ## - PUBLICATION, DISTRIBUTION, ETC. (IMPRINT)
-- [S.N] :
-- INTERNATIONAL THMSON PUBLISHING ،
Holdings
حالة التراجع حالة الفقد حالة تلف ليس للاعارة المكان المؤقت الموقع الحالى تاريخ الاكتساب اجمالي اﻻعارات رقم الطلب الباركود تاريخ اخر مشاهدة تاريخ تفعيل السعر نوع وعاء كوها
        مكتبة القاهرة الكبرى مكتبة القاهرة الكبرى 03/26/2014   338.5442\N I 43608 03/26/2014 03/26/2014 كتاب

Powered By

EGPV